000 00450nam a2200181Ia 4500
001 43380
008 140425s9999 xx 000 0 und d
020 _aNA
040 _cPK-LaUMT
082 _aRHC 297.72
_bABD-D
100 _aAbdullah Azaam
245 _aDekhna! Qaafila choot naa jaae (Urdu)
_cAbdullah Azaam
260 _aLahore,Pakistan:
_bIdara-e-Muarf-e-Ilsmi,
_c1997
300 _a72 p.
546 _aUR
650 _aIslam
942 _cBK
999 _c41390
_d41390